ARRUPE JESUIT UNIVERSITY

CORONAVIRUS -STOP THE SPREAD - CLEAN,DISINFECT,COVER

Lost lion of empire : (Record no. 119399)

MARC details
000 -LEADER
fixed length control field 01084cam a2200313 a 4500
001 - CONTROL NUMBER
control field 12457610
003 - CONTROL NUMBER IDENTIFIER
control field ARRUPE
005 - DATE AND TIME OF LATEST TRANSACTION
control field 20131219165237.0
008 - FIXED-LENGTH DATA ELEMENTS--GENERAL INFORMATION
fixed length control field 001217s2001 enkab e b 001 0beng
010 ## - LIBRARY OF CONGRESS CONTROL NUMBER
LC control number 2001409800
020 ## - INTERNATIONAL STANDARD BOOK NUMBER
International Standard Book Number 0002570033
035 ## - SYSTEM CONTROL NUMBER
System control number (UkLWHE)b000090819
040 ## - CATALOGING SOURCE
Original cataloging agency DLC
Transcribing agency DLC
Modifying agency DLC
043 ## - GEOGRAPHIC AREA CODE
Geographic area code f------
-- f-ke---
050 00 - LIBRARY OF CONGRESS CALL NUMBER
Classification number DT433.573.G76
Item number P35 2001
082 00 - DEWEY DECIMAL CLASSIFICATION NUMBER
Classification number 967.62/03
Edition number 21
300 ## - PHYSICAL DESCRIPTION
Other physical details ill., maps ;
Dimensions 24 cm.
100 1# - MAIN ENTRY--PERSONAL NAME
Personal name Paice, Edward.
9 (RLIN) 6113
245 10 - TITLE STATEMENT
Title Lost lion of empire :
Remainder of title the life of Cape-to-Cairo Grogan /
Statement of responsibility, etc Edward Paice.
260 ## - PUBLICATION, DISTRIBUTION, ETC. (IMPRINT)
Place of publication, distribution, etc London :
Name of publisher, distributor, etc HarperCollins,
Date of publication, distribution, etc 2001.
300 ## - PHYSICAL DESCRIPTION
Extent xv, 470 p. :
504 ## - BIBLIOGRAPHY, ETC. NOTE
Bibliography, etc Includes bibliographical references (p. 445-452) and index.
600 10 - SUBJECT ADDED ENTRY--PERSONAL NAME
Personal name Grogan, Ewart Scott,
Dates associated with a name 1874-
9 (RLIN) 6114
650 #0 - SUBJECT ADDED ENTRY--TOPICAL TERM
Topical term or geographic name as entry element Pioneers
Geographic subdivision Kenya
Form subdivision Biography.
9 (RLIN) 6115
650 #0 - SUBJECT ADDED ENTRY--TOPICAL TERM
Topical term or geographic name as entry element Adventure and adventurers
Geographic subdivision Africa
Form subdivision Biography.
9 (RLIN) 6116
651 #0 - SUBJECT ADDED ENTRY--GEOGRAPHIC NAME
Geographic name Kenya
General subdivision History
Chronological subdivision 1895-1963.
9 (RLIN) 6117
906 ## - LOCAL DATA ELEMENT F, LDF (RLIN)
a 7
b cbc
c origres
d 2
e ncip
f 20
g y-gencatlg
942 ## - ADDED ENTRY ELEMENTS (KOHA)
Source of classification or shelving scheme Library of Congress Classification
Koha item type Monograph ( Printed materials)
Holdings
Withdrawn status Lost status Source of classification or shelving scheme Damaged status Not for loan Home library Current library Date acquired Total Checkouts Full call number Barcode Date last seen Price effective from Koha item type
    Library of Congress Classification     ARRUPE LIBRARY ARRUPE LIBRARY 19/12/2013   SPC DT433.573.G76 P35 2001 464123048 19/12/2013 19/12/2013 Monograph ( Printed materials)

 

Arrupe Library. PO Box MP320 Mt Pleasant, Harare, Zimbabwe
263 242 745411|librarian@aju.ac.zw